000 00669cam a2200205Ia 4500
020 _a0590254812
040 _cCMI
082 _a823 SCH 1995 A093 Or.
100 1 _aLewis, C. S.
245 1 4 _aThe last battle /
250 _a[Scholastic ed.]
260 _aNew York :
_bScholastic Inc.,
_c1995, c1956.
300 _a211 p. :
_bill., map ;
_ccm.
500 _aEdition statement taken from p. [4] of cover.
500 _a"Col. map"--p. [3] of cover.
520 _aWhen evil comes to Narnia, Jill and Eustace help fight the great last battle and Aslan leads his people to a new paradise.
650 0 _aFantasy fiction.
700 1 _aBaynes, Pauline,
942 _cEK
999 _c12702
_d12702